Digital signal processing: principles, algorithms, and applications (Record no. 4677)

000 -LEADER
fixed length control field 00587 a2200169 4500
020 ## - INTERNATIONAL STANDARD BOOK NUMBER
International Standard Book Number 8129700840
040 ## - CATALOGING SOURCE
Original cataloging agency DLC
Language of cataloging DLC
082 ## - DEWEY DECIMAL CLASSIFICATION NUMBER
Classification number 621.382
100 ## - MAIN ENTRY--PERSONAL NAME
Personal name Proakis, John G.
245 ## - TITLE STATEMENT
Title Digital signal processing: principles, algorithms, and applications
Statement of responsibility, etc. principles, algorithms, and applications
Medium John G. Proakis
250 ## - EDITION STATEMENT
Edition statement 3rd ed.
260 ## - PUBLICATION, DISTRIBUTION, ETC.
Place of publication, distribution, etc. New Delhi :
Name of publisher, distributor, etc. Pearson Education Inc.,
Date of publication, distribution, etc. c1996.
300 ## - PHYSICAL DESCRIPTION
Extent xv, 967p. :
Other physical details ill. ;
Dimensions 24 cm.
500 ## - GENERAL NOTE
General note Includes bibliographical references and index
650 ## - SUBJECT ADDED ENTRY--TOPICAL TERM
Topical term or geographic name entry element Signal processing--Digital techniques.
942 ## - ADDED ENTRY ELEMENTS (KOHA)
Koha item type Book
Call number prefix 621.3822 PRO
Source of classification or shelving scheme
Holdings
Withdrawn status Lost status Damaged status Not for loan Collection code Permanent Location Current Location Shelving location Date acquired Source of acquisition Cost, normal purchase price Total Checkouts Full call number Barcode Date last seen Date last checked out Price effective from Koha item type Total Renewals Checked out
          Central Library (CL) Central Library (CL) General Stacks 09/27/2004 Allied Book Company 419.00 6 621.3822 PRO SEECS004774 06/05/2023 11/28/2021 01/05/2017 Book    
          Central Library (CL) Central Library (CL) General Stacks 09/27/2004 Allied Book Company 419.00 4 621.3822 PRO SEECS004775 06/13/2016 02/01/2016 01/05/2017 Book    
          Central Library (CL) Central Library (CL) General Stacks 11/14/2006 Allied Book Company 265.50 5 621.3822 PRO SEECS007755 09/23/2023 02/06/2023 01/05/2017 Book 3  
          Central Library (CL) Central Library (CL) General Stacks 04/14/2014       621.3822 PRO SEECS00754 11/14/2012   01/05/2017 Book    
          Central Library (CL) Central Library (CL) General Stacks 12/27/2013 Multi-Line Books 915.60 9 621.3822 PRO SEECS012849 09/16/2025 09/16/2025 01/05/2017 Book 2 02/06/2026
© 2023 Central Library, National University of Sciences and Technology. All Rights Reserved.